00251 a2200121 4500001000700000020001900007040001100026100003000037240002500067245002000092300000800112362000900120184834 a85-85645-02-04 cMagnum aAndrade, Wagner Matias de10aA gangue e o 5slpor10aA gangue e o 5s a1030 a1994